| 000 -ლიდერი |
| ფიქსირებული სიგრძის საკონტროლო ველი |
01129nam a22002297a 4500 |
| 003 - საკონტროლო ნომრის იდენტიფიკატორი |
| საკონტროლო ველი |
Ge_BSU |
| 005 - ბოლო ოპერაციის თარიღი და დრო |
| საკონტროლო ველი |
20210701131759.0 |
| 008 - ფიქსირებული სიგრძის მონაცემთა ელემენტები - ზოგადი ინფორმაცია |
| ფიქსირებული სიგრძის საკონტროლო ველი |
210701s2020 ge ||||| |||| 00| 0 geo d |
| 020 ## - წიგნის საერთაშორისო სტანდარტული ნომერი |
| International Standard Book Number |
9789941820724 (ტრილოგია) |
| 020 ## - წიგნის საერთაშორისო სტანდარტული ნომერი |
| International Standard Book Number |
9789941820748 (წიგნი 2) |
| 041 ## - ენის კოდი |
| Language code of text/sound track or separate title |
geo |
| 080 ## - უნივერსალური ათობითი კლასიფიკაციის ინდექსი |
| Universal Decimal Classification number |
821.353.1-311.6 მ-44 |
| 100 ## - მთავარი ჩანაწერი - პიროვნების სახელი |
| Personal name |
მახარაძე, აკაკი |
| 9 (RLIN) |
12168 |
| 245 ## - ცნობა სათაურის შესახებ |
| Title |
იდუმალი ფრონტის რაინდი : |
| Remainder of title |
ტრილოგია. წიგნი 2, კურიერი / |
| Statement of responsibility, etc |
აკაკი მახარაძე ; რედაქტორი ოთარ ცინარიძე. |
| 264 ## - წარმოების, გამოცემის, დისტრიბუციის და სხვა ცნობები |
| გამოცემის, წარმოების, დისტრიბუციის... ადგილი |
ბათუმი, |
| გამოცემის, წარმოების, დისტრიბუციის... თარიღი |
2020. |
| 300 ## - ფიზიკური აღწერა |
| Extent |
301 გვ. ; |
| Other physical details |
21 სმ. |
| 500 ## - ზოგადი შენიშვნა |
| General note |
ტრილოგია ეძღვნება ძმის პროფესორ შოთა მახარაძის ნათელ ხსოვნას. |
| 653 ## - INDEX TERM--UNCONTROLLED |
| Uncontrolled term |
ქართული პროზა |
| 653 ## - INDEX TERM--UNCONTROLLED |
| Uncontrolled term |
ტრილოგია |
| 700 ## - ADDED ENTRY--PERSONAL NAME |
| Personal name |
ცინარიძე, ოთარ |
| Relator term |
რედაქტორი |
| 9 (RLIN) |
12169 |
| 942 ## - ADDED ENTRY ELEMENTS (KOHA) |
| Source of classification or shelving scheme |
|
| Koha item type |
წიგნი |